Statistics for Top 10 Southampton Premier League Appearances

Click here to take the quiz!

General Stats

  • This quiz has been taken 53 times
    (28 since last reset)
  • The average score is 4 of 11

Answer Stats

PlayerApps% Correct
James Ward-Prowse343
87%
Matt Le Tissier270
83%
Ryan Bertrand214
65%
James Beattie201
52%
Shane Long 198
43%
Jason Dodd329
30%
Claus Lundekvam290
22%
Francis Benali243
22%
Oriol Romeu217
17%
Ken Monkou198
9%
Matt Oakley228
9%

Score Distribution

Percentile by Number Answered

Percent of People with Each Score

Your Score History

You have not taken this quiz since the last reset